[Event "Dyuni op 2nd"]
[Site "Dyuni"]
[Date "2016.09.03"]
[Round "4"]
[White "Sotirov, Ilia"]
[Black "Kondov, Vasil"]
[Result "1-0"]
[WhiteElo "1770"]
[BlackElo "1392"]
[PlyCount "95"]
[EventDate "2016.09.02"]
[EventType "swiss"]
[EventRounds "7"]
[EventCountry "BUL"]
[SourceTitle "CBM 174 Extra"]
[Source "ChessBase"]
[SourceDate "2016.10.10"]
[SourceVersion "1"]
[SourceVersionDate "2016.10.10"]
[SourceQuality "1"]

1. e4 e5 2. Nf3 Nc6 3. Bc4 Nf6 4. Nc3 Nxe4 5. Nxe4 d5 6. Bxd5 Qxd5 7. Nc3 Qd8 8. h3 Bd6 9. 0-0 Bf5 10. d3 Qd7 11. Ne4 Be7 12. Re1 f6 13. Be3 0-0 14. Ng3 Be6 15. d4 f5 16. Bg5 e4 17. Bxe7 Qxe7 18. Nh2 Rad8 19. c3 Qf7 20. Qc1 Bd5 21. b3 b5 22. Qf4 Kh8 23. Nhf1 h6 24. h4 Ne7 25. h5 Qe6 26. Rac1 Qa6 27. Qxc7 Nc6 28. Rc2 Rde8 29. Qf4 Be6 30. Ne3 Bd7 31. Ne2 Qb7 32. Qd6 f4 33. Nxf4 Rf6 34. Ng6+ Kh7 35. Qg3 Ne7 36. Nxe7 Rxe7 37. Rce2 Rf8 38. Qg6+ Kh8 39. Qg3 Ref7 40. Qe5 Re8 41. Qg3 Ref8 42. d5 Qc8 43. Qe5 Re8 44. Qd4 Qd8 45. Nf1 Qg5 46. Ng3 Ref8 47. Qxe4 Bg4 48. Rc2 1-0